[Event "Porto Carras op 5th"]
[Site "Porto Carras"]
[Date "2010.07.17"]
[Round "8"]
[White "Spirliadis, Achileas"]
[Black "Sideris, Giorgos"]
[Result "1-0"]
[WhiteElo "2015"]
[BlackElo "1976"]
[PlyCount "83"]
[EventDate "2010.07.11"]
[EventType "swiss"]
[EventRounds "9"]
[EventCountry "GRE"]
[SourceTitle "CBM 137 Extra"]
[Source "ChessBase"]
[SourceDate "2010.09.01"]
[SourceVersion "1"]
[SourceVersionDate "2010.09.01"]
[SourceQuality "1"]

1. e4 d6 2. d4 Nd7 3. f4 e5 4. Nf3 exd4 5. Nxd4 Ngf6 6. Nc3 g6 7. Bc4 Bg7 8. 0-0 0-0 9. Nf3 Nc5 10. e5 dxe5 11. Qxd8 Rxd8 12. Ng5 Be6 13. Bxe6 Nxe6 14. fxe5 Ng4 15. Nxe6 fxe6 16. Ne4 Bxe5 17. h3 Bd4+ 18. Kh1 Ne3 19. Bxe3 Bxe3 20. Rae1 Bb6 21. Nf6+ Kf7 22. Nxh7+ Kg8 23. Nf6+ Kf7 24. c4 Ke7 25. Nd5+ Kd7 26. Rf7+ Kd6 27. Nf4 e5 28. Nxg6 Re8 29. Rf6+ Re6 30. Rxe6+ Kxe6 31. Nxe5 Kf5 32. g4+ Kf4 33. c5 Ba5 34. b4 Bxb4 35. Nd3+ Kg3 36. Re3+ Kh4 37. Nxb4 Rd8 38. Nd3 b6 39. Kg2 Kg5 40. Kg3 bxc5 41. Nxc5 Rd2 42. Re6 1-0

[Event "Porto Carras op 5th"]
[Site "Porto Carras"]
[Date "2010.07.12"]
[Round "2"]
[White "Sideris, Giorgos"]
[Black "Kanakaris, Georgios"]
[Result "1/2-1/2"]
[WhiteElo "1976"]
[BlackElo "2294"]
[PlyCount "67"]
[EventDate "2010.07.11"]
[EventType "swiss"]
[EventRounds "9"]
[EventCountry "GRE"]
[SourceTitle "CBM 137 Extra"]
[Source "ChessBase"]
[SourceDate "2010.09.01"]
[SourceVersion "1"]
[SourceVersionDate "2010.09.01"]
[SourceQuality "1"]

1. e4 c5 2. Nc3 d6 3. g3 Nc6 4. Bg2 g6 5. d3 Bg7 6. Be3 Nf6 7. h3 Bd7 8. Nge2 Qc8 9. f4 Rb8 10. g4 h5 11. g5 Nh7 12. Qd2 b5 13. Nd1 e5 14. c3 b4 15. d4 bxc3 16. bxc3 cxd4 17. cxd4 exd4 18. Nxd4 Nxd4 19. Bxd4 Bxd4 20. Qxd4 0-0 21. Ne3 Qa6 22. Nd5 Rfe8 23. Kf2 Qa3 24. Rhd1 Bxh3 25. Rd2 Bxg2 26. Kxg2 h4 27. Rf1 Qg3+ 28. Kh1 Rb7 29. Rg2 Qh3+ 30. Kg1 Qe6 31. Re1 Reb8 32. Rge2 Rb1 33. Rxb1 Rxb1+ 34. Kh2 1/2-1/2

[Event "Porto Carras op 4th"]
[Site "Porto Carras"]
[Date "2009.07.19"]
[Round "2"]
[White "Sideris, Giorgos"]
[Black "Andreou, Andreas"]
[Result "1/2-1/2"]
[WhiteElo "1910"]
[BlackElo "2214"]
[PlyCount "42"]
[EventDate "2009.07.18"]
[EventType "swiss"]
[EventRounds "9"]
[EventCountry "GRE"]
[SourceTitle "CBM 131 Extra"]
[Source "ChessBase"]
[SourceDate "2009.09.03"]
[SourceVersion "2"]
[SourceVersionDate "2009.09.16"]
[SourceQuality "1"]

1. e4 c5 2. Nc3 g6 3. g3 Bg7 4. Bg2 Nc6 5. d3 Rb8 6. Be3 d6 7. Qd2 b5 8. Nge2 Nd4 9. 0-0 e6 10. Nd1 b4 11. Nc1 Ne7 12. c3 bxc3 13. bxc3 Ndc6 14. Bh6 0-0 15. Bxg7 Kxg7 16. Ne3 Bd7 17. Ne2 Qc7 18. Rfd1 Rfd8 19. d4 cxd4 20. cxd4 Qa5 21. Rac1 Bc8 1/2-1/2

[Event "World Amateur-ch"]
[Site "Thessaloniki"]
[Date "2009.05.01"]
[Round "6"]
[White "Sideris, Giorgos"]
[Black "Kesidis, Odyseas"]
[Result "1/2-1/2"]
[WhiteElo "1893"]
[BlackElo "1933"]
[PlyCount "67"]
[EventDate "2009.04.27"]
[EventType "swiss"]
[EventRounds "9"]
[EventCountry "GRE"]
[SourceTitle "CBM 130 Extra"]
[Source "ChessBase"]
[SourceDate "2009.07.02"]
[SourceVersion "2"]
[SourceVersionDate "2009.07.15"]
[SourceQuality "1"]

1. e4 d6 2. d4 Nf6 3. Nc3 Nbd7 4. Nf3 e5 5. Bc4 Be7 6. 0-0 0-0 7. Qe2 c6 8. a4 b6 9. Rd1 Qc7 10. h3 a6 11. Be3 Bb7 12. Bb3 b5 13. axb5 axb5 14. dxe5 dxe5 15. Rxa8 Bxa8 16. Bc1 Nc5 17. Nd2 Nxb3 18. Nxb3 b4 19. Nb1 c5 20. N1d2 Rd8 21. Re1 Bb7 22. f3 Nh5 23. Qb5 Bc6 24. Qa5 Qd6 25. Nc4 Qe6 26. Nbd2 Nf4 27. Kh2 h5 28. Qc7 Bf6 29. b3 Rd7 30. Qb6 Bh4 31. Rf1 Qg6 32. g4 Qf6 33. Qb8+ Kh7 34. Qxe5 1/2-1/2